Statistiques concernant Focus sur: Théodred - Tolkien

Cliquez ici pour prendre le quiz!

Statistiques générales

  • Ce quiz a été pris 20 fois
  • Le résultat moyen est 9 sur 11

Statistiques - réponses

Informations recherchéesRéponses% Correct
Couleur des cheveuxBlond doré
100%
Profession et titreDeuxième Maréchal de la Marche
100%
EspèceHomme
100%
Première apparitionLe Seigneur des Anneaux: Les Deux Tours
100%
RoyaumeRohan
100%
Age durant lequel il vécutTroisième
100%
CitéEdoras
89%
PèreThéoden
84%
Maison (lignée)Maison d'{Eorl}
58%
MèreElfhild
16%
Acteur l'interprétant dans les filmsParis Howe Strewe
11%

Distribution des résultats

Percentile par nombre de réponses

% des personnes avec chaque résultat

Votre développement - résultats

Vous n’avez pas pris ce quiz